Lokálna moc v transformačnom procese. 2

Druhá časť príspevku, ktorý odznel na vedeckom seminári na tému lokálnej moci. Rozvoj súkromného sektora na Slovensku po r. 1990. Problémy malých vidieckych sídiel a malých obcí. Bariéry rozvoja lokálneho hospodárskeho priestoru. Dôsledky poklesu priamej finančnej a materiálnej účasti poľnohospodárs...

Descrizione completa

Salvato in:
Dettagli Bibliografici
Autore principale: Šťastný, Z.
Natura: Capitolo di libro
Lingua:slovacco
Soggetti:
Tags: Aggiungi Tag
Nessun Tag, puoi essere il primo ad aggiungerne!!

MARC

LEADER 00000naa a2200000 4500
001 r019696
005 20221213101332.9
041 0 |a slo 
044 |a SK 
245 1 0 |a Lokálna moc v transformačnom procese. 2  |c Z. Šťastný 
520 |a Druhá časť príspevku, ktorý odznel na vedeckom seminári na tému lokálnej moci. Rozvoj súkromného sektora na Slovensku po r. 1990. Problémy malých vidieckych sídiel a malých obcí. Bariéry rozvoja lokálneho hospodárskeho priestoru. Dôsledky poklesu priamej finančnej a materiálnej účasti poľnohospodárskych podnikov na nevýrobných sociálnych aktivitách obcí. 
610 2 0 |a obce 
610 2 0 |a aglomerácie sídelné 
610 2 0 |a sektor súkromný 
610 2 0 |a vidiek 
610 2 0 |a podnik poľnohospodársky 
610 2 0 |a transformácia 
100 1 |a Šťastný, Z.